000 00355cam a2200145ua 4500
041 _aeng
_h
082 _a616.395
_bBES/RI
100 _aBessonova, M .
245 _aRickets /
_cM.Bessonova.
_hTextual Documents
260 _aMoscow :
_bForeign Language Publishing House ,
_c1953.
300 _a166 ; .
504 _a
942 _cBK
999 _c811
_d811